00489cam a22001571 450000100100000000500170001000800410002704000250006808200160009310000280010924000340013724500630017126000420023430000210027650000340029700001876620200929165844.0771214s1967 gw 000 0 ger  aDO-SdBNPcspadBNPHU axxxxbD739v1 aDourado, Autran,d1926-10aUma Vida em segredolAlemán14aEin Leben im Verborgenen :bErzählung /cAutran Dourado. a[Múnich] :bPassavia Passau,c1967. a139 p. ;c19 cm. aTítulo original en alemán